El derecho y la justicia

Bewaard in:
Bibliografische gegevens
Hoofdauteurs: Garzón Valdés, Ernesto (Auteur), Laporta, Francisco J (Auteur)
Formaat: Boek
Taal:Spaans
Gepubliceerd in: Madrid Trotta 1996
Reeks:Enciclopedia Iberoamericana de Filosofía, 2
Onderwerpen:
Tags: Voeg label toe
Geen labels, Wees de eerste die dit record labelt!

MARC

LEADER 00000nam a2200000 a 4500
001 UCS2452
003 CL-VaPUC
008 970530e19960000SP |||||||||||||||||spa|d
082 0 4 |a 340.11  |b GAR  |2 21 
100 |a Garzón Valdés, Ernesto  |e author  |9 597047 
700 0 |a Laporta, Francisco J  |e author  |9 387888 
245 1 3 |a El derecho y la justicia 
300 |a 554 p 
942 |c BK 
945 |d 19970530 00:00:00  |a rleighto 
260 |a Madrid  |b Trotta  |c 1996 
650 7 |a DERECHO  |2 CL-VaPUC  |9 387889 
650 0 |a Justicia   |9 255408 
650 0 |a Teoría del derecho  |9 255982 
650 7 |a SISTEMA JURIDICO  |2 CL-VaPUC  |9 387890 
583 |a last modification  |c 19970530 00:00:00  |k Rodrigo Vera 
490 0 |a Enciclopedia Iberoamericana de Filosofía, 2 
999 |c 260409  |d 260407 
952 |0 0  |1 0  |4 0  |6 340_110000000000000_GAR_1996  |7 0  |8 A  |9 286539  |a BIBDER  |b BIBDER  |d 2019-11-19  |i 3306208  |o 340.11 GAR 1996  |p 3306208  |r 2023-01-25  |w 2019-11-19  |y BK  |k DER